000 00577nam a2200169 i 4500
001 141543
003 ES-MaACL
007 t|
008 070925s1970 xxr ||||1| spa d
100 1 _aVolkenshtein, Valentina S.
_9115696
245 1 0 _aProblemas de física general /
_cV. S. Volkenshtein ; traducido del ruso por Antonio Molina García y Manuel Gisbert Talens.
260 _aMoscú :
_bMiz,
_c1970.
300 _a408 p. :
_bil. ;
_c22 cm.
700 1 _aMolina García, Antonio.
_981938
700 1 _aGisbert Talens, Manuel.
_957334
852 _aES-MaACL
_jE-5574
_bR.89377
999 _c141543
_d141543